Countryball Youtubers - Statistics

General Stats
  • This quiz has been taken 13 times
  • The average score is 5 of 16
Answer Stats
Picture Answer % Correct
PWA
80%
Wahyu
70%
Faqids
50%
MrSpherical
50%
ItzThaiAnimations
40%
Notjustsky
40%
Ace Animations
30%
Andjobe
20%
AshDoesGames
20%
Cat-God Animation
20%
Estoniaball Animations
20%
Kaliningrad General
20%
MahdiArdi
20%
PolishTortoise
20%
Bulgarian Countryball
10%
Canvas CountryBalls
10%
No matching quizzes found
Score Distribution
Percent of People with Each Score
Percentile by Number Answered
Your Score History
You have not taken this quiz